| 000 | 00585nam a2200181 a 4500 | ||
|---|---|---|---|
| 005 | 20240703063820.0 | ||
| 008 | 991125s1955 mx 000 0 eng u | ||
| 035 | _aUPN01000002449 | ||
| 049 | _aCG | ||
| 050 | 4 |
_aE16 _bC3.2 |
|
| 100 | 1 |
_aCaughey, John Walton, _d1902-1995 |
|
| 245 | 1 | 0 |
_aAmerica since 1763 : _ba survey of its history / _cJohn W. Caughey. |
| 260 |
_aMéxico : _bInstituto Panamericano de Geografía e Historia, _c1955. |
||
| 300 | _a126 p. | ||
| 440 | 0 |
_aPrograma de historia de América : período nacional ; _v4 |
|
| 651 | 4 |
_aAmérica _xHistoria _92658 |
|
| 905 | _aLibro | ||
| 999 |
_c2449 _d2449 |
||